[Event "EYCC Open U12 2018"]
[Site "Riga"]
[Date "2018.08.21"]
[Round "2"]
[White "Djurovic, Peko"]
[Black "Safin, Robert"]
[Result "0-1"]
[WhiteElo "1878"]
[BlackElo "2156"]
[Annotator "TA"]
[PlyCount "62"]
[EventDate "2018.08.20"]
[EventType "swiss"]
[EventCountry "LAT"]
[SourceTitle "playchess.com"]
[Source "ChessBase"]
[SourceQuality "1"]

{[%evp 21,62,-11,0,-7,-7,-14,0,-33,-32,-57,-59,-66,-71,-165,-168,-190,-91,-223,-208,-281,-272,-254,-261,-270,-271,-325,-331,-366,-330,-380,-250,-397,-284,-303,-273,-683,-687,-670,-658,-707,-706,-646,-597]} 1. e4 c5 2. Nf3 Nc6 3. Bb5 g6 4. O-O Bg7 5. Re1 Nf6 6. c3 O-O 7. d4 cxd4 8. cxd4 d5 9. e5 Ne4 10. Bxc6 bxc6 11. Nbd2 c5 {LiveBook: 115 Partien} 12. Nxe4 {B31: Sizilianisch (Rossolimo-Variante)} dxe4 13. Rxe4 Bb7 14. Rh4 {Die Stellung ist ausgeglichen.} (14. Re1 c4 15. Ng5 Qd5 16. f3 Rab8 17. Be3 Bc8 18. Qc2 Bf5 19. Ne4 Rb7 {0-1 (58) Alonso Rosell,A (2536)-Kovalenko,I (2657) Minsk 2017}) 14... e6 {[#] zielt auf ...Lxf3 ab.} 15. Rf4 $146 ({Vorgänger:} 15. Rh3 Bxf3 16. Rxf3 Qxd4 17. Qxd4 cxd4 18. Bf4 f6 19. exf6 Rxf6 {½-½ (51) Kastner,W (2239)-Kreisl,R (2440) Austria 2016}) 15... Bxf3 16. Qxf3 cxd4 17. Qe4 (17. Re4 $17 {war nötig.}) 17... Qa5 18. b4 Qxb4 $40 {[%mdl 128] Schwarz hat starken Angriff.} (18... Qxe5 $19 {und Schwarz behält klar die Oberhand.} 19. Qxe5 Bxe5) 19. Rb1 (19. Rf3 $17 {ist eine bessere Verteidigung.}) 19... Qa5 $19 {Und ...Tab8 würde nun gewinnen.} 20. h3 Qxe5 21. Qxe5 Bxe5 22. Re4 Bg7 23. Rb7 Rfb8 24. Re7 Bf6 25. Rd7 Rd8 26. Rb7 (26. Rxd8+ $142 Rxd8 27. Kf1) 26... Rab8 27. Rxb8 Rxb8 28. Ba3 $2 (28. Re1) 28... Rb1+ {Schwarz steht klar auf Gewinn.} 29. Kh2 d3 {[#] Droht ...d2 und aus.} 30. Bb4 Rb2 31. Rc4 Rc2 {Precision: Weiß = 23%, Schwarz = 60%.} 0-1

[Event "EYCC Open U12 2018"]
[Site "Riga"]
[Date "2018.08.21"]
[Round "2"]
[White "Aguado Doncel, Pablo Luis"]
[Black "Grebnev, Aleksey"]
[Result "0-1"]
[WhiteElo "1867"]
[BlackElo "2143"]
[Annotator "NA RC"]
[PlyCount "52"]
[EventDate "2018.08.20"]
[EventType "swiss"]
[EventCountry "LAT"]
[SourceTitle "playchess.com"]
[Source "ChessBase"]
[SourceQuality "1"]
[TimeControl "40/5400+30:1800+30"]

1. d4 {[%emt 0:00:00]} Nf6 {[%emt 0:00:00]} 2. c4 {[%emt 0:00:01]} g6 {[%emt 0:00:00]} 3. Nc3 {[%emt 0:00:26]} Bg7 {[%emt 0:00:00]} 4. e4 {[%emt 0:00:46]} d6 {[%emt 0:00:00]} 5. Nf3 {[%emt 0:00:40]} O-O {[%emt 0:03:42]} 6. Be2 {[%emt 0:00:30]} Nbd7 {[%emt 0:00:07]} 7. O-O {[%emt 0:10:24]} e5 {[%emt 0:00:29]} 8. d5 {[%emt 0:00:04]} Nc5 {[%emt 0:00:22]} 9. Nd2 {[%emt 0:02:45]} a5 {[%emt 0:00:48]} 10. b3 {[%emt 0:01:01]} Ne8 {[%emt 0:01:50]} 11. a3 {[%emt 0:01:35]} f5 {[%emt 0:00:08]} 12. f3 {[%emt 0:00:37]} Bh6 {[%emt 0:01:26]} 13. Rb1 {[%emt 0:04:18]} Be3+ {[%emt 0:01:56]} 14. Kh1 {[%emt 0:00:29]} f4 {[%emt 0:00:27]} 15. b4 {[%emt 0:00:42]} Na6 $11 {[%emt 0:00:44]} 16. c5 {[%emt 0:15:07]} dxc5 {[%emt 0:00:49]} 17. b5 {[%emt 0:11:29]} Nb8 {[%emt 0:00:20]} 18. Nc4 {[%emt 0:01:43]} Bd4 {[%emt 0:01:25]} 19. Na4 {[%emt 0:08:54]} Qh4 {[%emt 0:03:15]} 20. d6 {[%emt 0:02:00]} Rf6 {[%emt 0:07:12]} 21. dxc7 {[%emt 0:10:58]} g5 {[%emt 0:00:54]} 22. Ne3 {[%emt 0:06:55]} Rh6 {[%emt 0:01:00]} 23. Bc4+ {[%emt 0:05:20]} Kh8 {[%emt 0:01:04]} 24. Kg1 {[%emt 0:02:47]} fxe3 {[%emt 0:01:22]} 25. Re1 {[%emt 0:03:15]} e2+ {[%emt 0:00:09]} 26. Qxd4 {[%emt 0:00:01]} Qxe1# {[%emt 0:00:09]} 0-1

[Event "EYCC Open U12 2018"]
[Site "Riga"]
[Date "2018.08.22"]
[Round "3"]
[White "Murzin, Volodar"]
[Black "Ristic, Luka"]
[Result "1-0"]
[WhiteElo "2306"]
[BlackElo "2005"]
[Annotator "NA"]
[PlyCount "79"]
[EventDate "2018.08.20"]
[EventType "swiss"]
[EventCountry "LAT"]
[SourceTitle "playchess.com"]
[Source "ChessBase"]
[SourceQuality "1"]
[TimeControl "40/5400+30:1800+30"]

1. e4 {[%emt 0:00:00]} g6 {[%emt 0:00:00]} 2. d4 {[%emt 0:00:00]} Bg7 {[%emt 0:00:00]} 3. Nf3 {[%emt 0:00:31]} c6 {[%emt 0:00:09]} 4. Bd3 {[%emt 0:01:02]} d5 {[%emt 0:00:17]} 5. Nbd2 {[%emt 0:02:16]} dxe4 {[%emt 0:00:26]} 6. Nxe4 {[%emt 0:00:35]} Nf6 {[%emt 0:00:25]} 7. O-O {[%emt 0:00:54]} O-O {[%emt 0:00:40]} 8. c3 {[%emt 0:00:27]} Nbd7 {[%emt 0:01:00]} 9. h3 {[%emt 0:02:31]} Nxe4 {[%emt 0:05:58]} 10. Bxe4 {[%emt 0:00:01]} e5 {[%emt 0:00:21]} 11. Be3 {[%emt 0:10:31] B15: Caro-Kann: 3 Nc3: 3...g6 and 3...dxe4 4 Nxe4 Nf6 5 Nxf6+ exf6} Qe7 $146 {[%emt 0:11:26]} ({Predecessor:} 11... exd4 12. Bxd4 Nf6 13. Bc2 b6 14. Be5 Bb7 15. Nd4 Qd5 16. f4 c5 17. Nf3 Rad8 18. Qe1 Nh5 {0-1 (35) Sengupta,D (2575)-Cheng,B (2446) Hastings 2016}) 12. dxe5 {[%emt 0:12:31]} Nxe5 {[%emt 0:00:13]} 13. Re1 {[%emt 0:01:07]} Nxf3+ {[%emt 0:02:39]} 14. Qxf3 {[%emt 0:01:51]} Be6 {[%emt 0:01:06]} 15. a4 {[%emt 0:00:17]} f5 {[%emt 0:03:33]} 16. Bc2 {[%emt 0:00:45]} Bd5 {[%emt 0:00:45]} 17. Qf4 {[%emt 0:08:48]} Rae8 {[%emt 0:03:08]} 18. Bd4 {[%emt 0:04:06]} Qxe1+ {[%emt 0:06:49]} 19. Rxe1 {[%emt 0:00:03]} Rxe1+ {[%emt 0:00:06]} 20. Kh2 {[%emt 0:00:06]} Bxd4 {[%emt 0:01:38]} 21. Qxd4 {[%emt 0:00:03]} Rfe8 {[%emt 0:00:50]} 22. Bd1 {[%emt 0:02:53]} Rf1 {[%emt 0:05:00]} (22... R8e7 $11 {remains equal.}) 23. Bf3 {[%emt 0:01:14]} Bf7 $2 {[%emt 0:01:02]} (23... Re7 $16 {was worth a try.}) 24. Qxa7 {[%emt 0:03:09]} Ree1 {[%emt 0:00:51]} 25. g4 {[%emt 0:04:52]} fxg4 {[%emt 0:04:43]} (25... Re7 $142 26. gxf5 gxf5) 26. hxg4 {[%emt 0:00:02]} (26. Bg2 $18 {and the rest is easy.}) 26... Rb1 {[%emt 0:01:35]} 27. Bg2 {[%emt 0:08:02]} Rfe1 {[%emt 0:03:20]} 28. Qxb7 {[%emt 0:10:56]} Re2 $18 {[%emt 0:00:30]} 29. Qb8+ {[%emt 0:01:59]} Kg7 {[%emt 0:00:19]} 30. Qa7 {[%emt 0:01:55]} Rbxb2 {[%emt 0:01:08]} 31. Kg3 {[%emt 0:00:10]} Red2 {[%emt 0:09:17]} 32. Bxc6 {[%emt 0:00:39]} h5 {[%emt 0:00:35]} 33. c4 {[%emt 0:01:47]} h4+ {[%emt 0:00:20]} 34. Kxh4 {[%emt 0:00:19]} Rxf2 {[%emt 0:00:16]} 35. Bd5 {[%emt 0:00:38]} Kg8 {[%emt 0:03:57]} 36. Kg5 {[%emt 0:00:45]} Rbe2 {[%emt 0:01:04]} 37. Qb8+ {[%emt 0:02:21]} Kg7 {[%emt 0:00:13]} 38. a5 {[%emt 0:01:06]} Rf6 {[%emt 0:01:27]} 39. a6 {[%emt 0:03:26]} Re8 {[%emt 0:00:49]} 40. Qb2 {[%emt 0:00:00]} 1-0

[Event "EYCC Open U12 2018"]
[Site "Riga"]
[Date "2018.08.22"]
[Round "3"]
[White "Safin, Robert"]
[Black "Samadov, Read"]
[Result "1-0"]
[WhiteElo "2156"]
[BlackElo "1997"]
[Annotator "NA"]
[PlyCount "115"]
[EventDate "2018.08.20"]
[EventType "swiss"]
[EventCountry "LAT"]
[SourceTitle "playchess.com"]
[Source "ChessBase"]
[SourceQuality "1"]
[TimeControl "40/5400+30:1800+30"]

1. d4 {[%emt 0:00:00]} d5 {[%emt 0:00:00]} 2. c4 {[%emt 0:00:00]} c6 {[%emt 0:00:00]} 3. cxd5 {[%emt 0:00:00]} cxd5 {[%emt 0:00:00]} 4. Nf3 {[%emt 0:00:00]} Nf6 {[%emt 0:00:08]} 5. Nc3 {[%emt 0:00:00]} Nc6 {[%emt 0:00:11]} 6. Bf4 {[%emt 0:00:00]} Bf5 {[%emt 0:00:18]} 7. e3 {[%emt 0:00:16] LiveBook: 4226 Games} a6 {[%emt 0:02:25]} 8. Be2 {[%emt 0:01:05]} e6 {[%emt 0:01:56]} 9. Nh4 {[%emt 0:01:24] D13: Slav Defence: Exchange variation without ...Bf5} (9. Ne5 Nxe5 10. Bxe5 Nd7 11. Bg3 Be7 12. O-O O-O 13. Rc1 Rc8 14. Bd3 Bxd3 15. Qxd3 Qa5 16. Rc2 Rc6 17. Rfc1 Rfc8 18. f3 Bb4 19. e4 Bxc3 20. bxc3 Nb6 21. h4 {0-1 (42) Vallejo Pons,F (2711)-Andreikin,D (2737) Tallinn 2016}) 9... Bg6 {[%emt 0:01:56]} 10. Nxg6 {[%emt 0:00:15]} hxg6 {[%emt 0:00:13]} 11. h3 {[%emt 0:00:39]} Bd6 {[%emt 0:02:08]} 12. Bxd6 {[%emt 0:00:15]} Qxd6 {[%emt 0:00:07]} 13. Rc1 {[%emt 0:00:56]} O-O $146 {[%emt 0:01:43]} ({Predecessor:} 13... Rc8 14. O-O O-O 15. Na4 Nd7 16. Nc5 Nxc5 17. Rxc5 {½-½ (46) Harutyunyan,T-Cruz Lledo,P (1887) Benidorm 2006}) 14. O-O {[%emt 0:00:27]} Rfc8 {[%emt 0:09:08]} 15. Na4 {[%emt 0:01:03]} Nd7 {[%emt 0:08:09]} 16. Qd2 {[%emt 0:03:35]} Rc7 {[%emt 0:08:16]} 17. Nc5 {[%emt 0:00:50]} Na7 {[%emt 0:05:38]} 18. b4 {[%emt 0:11:45]} Rac8 {[%emt 0:05:46]} 19. Bd3 {[%emt 0:09:26]} a5 {[%emt 0:17:31]} 20. Nxd7 {[%emt 0:01:45]} Qxd7 {[%emt 0:01:22]} 21. bxa5 {[%emt 0:06:23]} Qa4 {[%emt 0:05:43]} 22. Rb1 {[%emt 0:00:54]} Nc6 {[%emt 0:02:07]} 23. Rb5 {[%emt 0:00:57]} Nd8 $16 {[%emt 0:08:45]} 24. Rfb1 {[%emt 0:03:58]} Rc3 {[%emt 0:01:50]} 25. Kh2 {[%emt 0:01:41]} Qa3 {[%emt 0:01:11]} 26. R1b3 {[%emt 0:00:29]} Qd6+ {[%emt 0:00:31]} 27. g3 {[%emt 0:00:10]} Rc1 {[%emt 0:03:09]} 28. Rb1 {[%emt 0:00:36]} Rxb1 {[%emt 0:01:14]} 29. Rxb1 {[%emt 0:00:07]} Ra8 {[%emt 0:04:39]} 30. Qc3 {[%emt 0:01:34]} Nc6 {[%emt 0:01:53]} 31. a6 {[%emt 0:02:07]} bxa6 {[%emt 0:01:59]} 32. Rb6 {[%emt 0:00:08]} Rc8 {[%emt 0:00:08]} 33. Bxa6 {[%emt 0:02:40]} Ne7 {[%emt 0:01:14]} 34. Rxd6 {[%emt 0:03:19]} Rxc3 {[%emt 0:00:01]} 35. a4 {[%emt 0:00:31]} Nf5 {[%emt 0:00:56]} 36. Rd8+ {[%emt 0:01:08]} Kh7 {[%emt 0:00:01]} 37. Rd7 {[%emt 0:00:44]} Kg8 {[%emt 0:02:03]} 38. Bb5 {[%emt 0:03:11]} Rc2 {[%emt 0:00:28]} 39. Kg1 {[%emt 0:05:14]} Rc1+ {[%emt 0:00:14]} 40. Kg2 {[%emt 0:00:00]} Rc2 {[%emt 0:00:00]} 41. Kf3 {[%emt 0:01:22]} Rc3 {[%emt 0:02:04]} 42. Ke2 {[%emt 0:01:27]} Rc2+ {[%emt 0:02:16]} 43. Ke1 {[%emt 0:00:22]} Ra2 {[%emt 0:01:36]} 44. Rd8+ {[%emt 0:03:16]} Kh7 {[%emt 0:00:03]} 45. Be8 {[%emt 0:00:23]} f6 {[%emt 0:04:55]} 46. Bf7 {[%emt 0:02:46]} Ra1+ {[%emt 0:00:58]} 47. Ke2 {[%emt 0:00:09]} Ra2+ {[%emt 0:00:24]} 48. Kf3 {[%emt 0:01:00]} Ra3 {[%emt 0:01:49]} 49. Kg2 {[%emt 0:00:07]} Ra2 {[%emt 0:07:55]} 50. Bg8+ {[%emt 0:00:07]} Kh6 {[%emt 0:00:12]} 51. Bxe6 {[%emt 0:00:34]} Kh7 {[%emt 0:00:19]} 52. Bxf5 {[%emt 0:00:36]} gxf5 {[%emt 0:00:05]} 53. Rxd5 {[%emt 0:00:03]} Rxa4 {[%emt 0:00:08]} 54. Rxf5 {[%emt 0:00:03]} Kg6 {[%emt 0:00:15]} 55. Rb5 {[%emt 0:00:05]} Ra2 {[%emt 0:00:05]} 56. g4 {[%emt 0:00:06]} Rd2 {[%emt 0:00:15]} 57. Kg3 {[%emt 0:00:06]} Re2 {[%emt 0:00:05]} 58. Rb3 {[%emt 0:00:16]} 1-0

[Event "EYCC Open U12 2018"]
[Site "Riga"]
[Date "2018.08.22"]
[Round "3"]
[White "Grebnev, Aleksey"]
[Black "Tunsjo, Axel"]
[Result "1-0"]
[WhiteElo "2143"]
[BlackElo "1973"]
[Annotator "NA"]
[PlyCount "43"]
[EventDate "2018.08.20"]
[EventType "swiss"]
[EventCountry "LAT"]
[SourceTitle "playchess.com"]
[Source "ChessBase"]
[SourceQuality "1"]
[TimeControl "40/5400+30:1800+30"]

1. e4 {[%emt 0:00:09]} c5 {[%emt 0:00:00]} 2. Nf3 {[%emt 0:00:08]} e6 {[%emt 0:00:08]} 3. d4 {[%emt 0:00:09]} cxd4 {[%emt 0:00:39]} 4. Nxd4 {[%emt 0:02:49]} a6 {[%emt 0:00:28]} 5. Bd3 {[%emt 0:00:40]} Nc6 {[%emt 0:06:20]} 6. Nxc6 {[%emt 0:00:47]} dxc6 {[%emt 0:00:45]} 7. O-O {[%emt 0:00:27]} Bc5 {[%emt 0:01:53] B42: Sicilian: Kan Variation: 5 Bd3} (7... e5 8. a4 Nf6 9. Nd2 Bc5 10. Qf3 O-O 11. Nc4 Re8 12. a5 Qe7 13. Bg5 h6 14. Bd2 Bg4 15. Qg3 Rad8 16. Rae1 Kh8 {½-½ (68) Kovalenko,I (2626)-Laurusas,T (2428) Tallinn 2018}) 8. Qg4 $146 {[%emt 0:03:20]} ({Predecessor:} 8. Qh5 Be7 9. e5 g6 10. Qe2 h5 11. Rd1 Qb6 12. Nd2 Nh6 13. Nc4 Qc7 14. Nd6+ Bxd6 15. exd6 Qd7 16. Qe5 f6 17. Qxf6 Rf8 18. Bxg6+ Nf7 19. Bg5 b6 20. Re1 Qxd6 21. Rad1 {1-0 (21) Tarasov,D (2165)-Sumaneev,D (2450) Kirov 2014}) 8... Bd4 {[%emt 0:13:00]} 9. c3 {[%emt 0:08:16]} Bf6 {[%emt 0:00:37]} 10. Rd1 {[%emt 0:00:19]} e5 {[%emt 0:01:12]} 11. Qe2 {[%emt 0:00:27]} Qc7 {[%emt 0:01:10]} 12. a4 {[%emt 0:01:13]} Ne7 {[%emt 0:04:43]} 13. Be3 {[%emt 0:01:27]} O-O {[%emt 0:02:56]} 14. a5 {[%emt 0:01:07]} Ng6 {[%emt 0:03:11]} 15. g3 {[%emt 0:00:09]} Bd8 {[%emt 0:03:47]} 16. Na3 {[%emt 0:01:03]} Be6 {[%emt 0:02:53]} 17. b4 {[%emt 0:02:31]} f5 {[%emt 0:08:36]} 18. exf5 {[%emt 0:00:38]} Bxf5 {[%emt 0:01:13]} 19. Bxf5 {[%emt 0:00:14]} Rxf5 {[%emt 0:00:40]} 20. Nc4 {[%emt 0:00:05]} Rf6 $18 {[%emt 0:23:51]} (20... Be7 21. Nb6 Re8) 21. Nb6 {[%emt 0:01:00]} Rb8 {[%emt 0:02:49]} 22. Rd7 {[%emt 0:00:17]} 1-0

[Event "EYCC Open U12 2018"]
[Site "Riga"]
[Date "2018.08.22"]
[Round "3"]
[White "Mekhane, Adam"]
[Black "Makoveev, Ilya"]
[Result "0-1"]
[WhiteElo "2008"]
[BlackElo "2249"]
[Annotator "NA"]
[PlyCount "66"]
[EventDate "2018.08.20"]
[EventType "swiss"]
[EventCountry "LAT"]
[SourceTitle "playchess.com"]
[Source "ChessBase"]
[SourceQuality "1"]
[TimeControl "40/5400+30:1800+30"]

1. e4 {[%emt 0:00:00]} c5 {[%emt 0:00:00]} 2. Nf3 {[%emt 0:00:15]} d6 {[%emt 0:00:21]} 3. d4 {[%emt 0:00:32]} cxd4 {[%emt 0:00:25]} 4. Nxd4 {[%emt 0:00:20]} Nf6 {[%emt 0:00:15]} 5. Nc3 {[%emt 0:00:20]} a6 {[%emt 0:00:29]} 6. Bc4 {[%emt 0:00:33]} e6 {[%emt 0:01:12]} 7. Bb3 {[%emt 0:01:04]} Be7 {[%emt 0:08:58]} 8. g4 {[%emt 0:01:25]} h6 {[%emt 0:05:49]} 9. Be3 {[%emt 0:02:03]} b5 {[%emt 0:08:55] LiveBook: 6 Games} 10. f3 {[%emt 0:10:12]} Bd7 {[%emt 0:14:24]} 11. a3 {[%emt 0:12:24]} Nc6 {[%emt 0:01:34]} 12. Qe2 {[%emt 0:07:16]} Rc8 {[%emt 0:04:19]} 13. Nxc6 {[%emt 0:07:46]} Bxc6 {[%emt 0:00:40]} 14. Rg1 $11 {[%emt 0:03:35]} Nd7 {[%emt 0:11:27]} 15. Rd1 {[%emt 0:08:45]} Qc7 {[%emt 0:16:04]} 16. Bd4 {[%emt 0:14:11]} O-O {[%emt 0:02:27]} 17. f4 {[%emt 0:04:42]} e5 {[%emt 0:03:16]} 18. Be3 {[%emt 0:02:04]} exf4 {[%emt 0:02:03]} 19. Bxf4 {[%emt 0:01:48]} Ne5 {[%emt 0:01:45]} 20. Kd2 {[%emt 0:03:34]} d5 {[%emt 0:08:40]} 21. Rgf1 {[%emt 0:07:59]} d4 {[%emt 0:05:12]} 22. Nd5 {[%emt 0:02:06]} Bxd5 {[%emt 0:00:24]} 23. exd5 {[%emt 0:00:58]} Bg5 {[%emt 0:01:01]} 24. Bxg5 {[%emt 0:04:19]} hxg5 {[%emt 0:00:01]} 25. Qe4 {[%emt 0:02:29]} d3 {[%emt 0:00:18]} 26. cxd3 {[%emt 0:00:37]} Rfe8 {[%emt 0:00:10]} 27. Qd4 {[%emt 0:01:07]} Qa5+ {[%emt 0:01:48]} 28. Qb4 {[%emt 0:00:21]} Qb6 {[%emt 0:00:18]} 29. Rde1 {[%emt 0:00:31]} a5 {[%emt 0:00:26]} 30. Qe4 {[%emt 0:01:02]} Nc4+ {[%emt 0:00:08]} 31. dxc4 {[%emt 0:00:24]} Rxe4 {[%emt 0:00:04]} 32. Rxe4 {[%emt 0:00:05]} bxc4 {[%emt 0:00:05]} 33. Bxc4 {[%emt 0:01:11]} Qxb2+ {[%emt 0:00:07]} 0-1

[Event "EYCC Open U12 2018"]
[Site "Riga"]
[Date "2018.08.22"]
[Round "3"]
[White "Razafindratsima, Timothe"]
[Black "Chyzy, Jakub"]
[Result "1-0"]
[WhiteElo "1978"]
[BlackElo "2143"]
[Annotator "NA"]
[PlyCount "99"]
[EventDate "2018.08.20"]
[EventType "swiss"]
[EventCountry "LAT"]
[SourceTitle "playchess.com"]
[Source "ChessBase"]
[SourceQuality "1"]
[TimeControl "40/5400+30:1800+30"]

1. e4 {[%emt 0:00:00]} Nf6 {[%emt 0:00:00]} 2. e5 {[%emt 0:00:00]} Nd5 {[%emt 0:00:00]} 3. c4 {[%emt 0:00:30]} Nb6 {[%emt 0:00:00]} 4. d4 {[%emt 0:00:09]} d6 {[%emt 0:00:05]} 5. exd6 {[%emt 0:00:25]} exd6 {[%emt 0:00:07]} 6. Nc3 {[%emt 0:00:14]} Be7 {[%emt 0:00:08]} 7. Be2 {[%emt 0:01:24]} O-O {[%emt 0:00:23]} 8. Nf3 {[%emt 0:00:15]} Nc6 {[%emt 0:00:42]} 9. O-O {[%emt 0:00:23]} Bf6 {[%emt 0:00:36]} 10. Be3 {[%emt 0:00:19]} Bf5 {[%emt 0:00:56]} 11. Rc1 {[%emt 0:01:36]} d5 {[%emt 0:07:21]} 12. b3 {[%emt 0:03:02]} dxc4 {[%emt 0:06:17]} 13. bxc4 {[%emt 0:00:13]} Na5 {[%emt 0:01:54]} 14. c5 {[%emt 0:09:50]} Nd5 {[%emt 0:05:11]} 15. Qa4 {[%emt 0:06:20]} Nxc3 $11 {[%emt 0:13:06]} 16. Rxc3 {[%emt 0:00:22]} Nc6 {[%emt 0:00:14]} 17. Rd1 {[%emt 0:10:43]} Ne7 {[%emt 0:07:47]} 18. Rcc1 {[%emt 0:07:47]} Nd5 {[%emt 0:04:14]} 19. Qb3 {[%emt 0:01:40]} Rb8 {[%emt 0:18:41]} 20. Bc4 {[%emt 0:03:00]} Be6 {[%emt 0:01:51]} 21. Qa3 {[%emt 0:03:49]} a6 {[%emt 0:07:15]} 22. Be2 {[%emt 0:04:23]} Re8 {[%emt 0:06:49]} 23. h3 {[%emt 0:14:07]} Qe7 {[%emt 0:04:13]} 24. Bf1 {[%emt 0:01:46]} Nxe3 {[%emt 0:12:15]} 25. Qxe3 {[%emt 0:12:19]} Bxa2 {[%emt 0:01:06]} 26. Qf4 {[%emt 0:02:12]} Bd5 {[%emt 0:00:33]} 27. Bc4 {[%emt 0:00:44]} Qd7 {[%emt 0:01:09]} 28. Bxd5 {[%emt 0:00:18]} Qxd5 {[%emt 0:00:06]} 29. Qxc7 {[%emt 0:00:09]} Rbc8 {[%emt 0:00:29]} 30. Qb6 {[%emt 0:00:36]} Re6 {[%emt 0:00:31]} 31. Qb4 {[%emt 0:00:28]} Rce8 {[%emt 0:00:34]} 32. Rb1 {[%emt 0:00:28]} R6e7 {[%emt 0:00:34]} 33. Qa4 {[%emt 0:03:11]} g6 {[%emt 0:00:44]} 34. Rb6 {[%emt 0:00:15]} Re6 {[%emt 0:00:31]} 35. Rd6 {[%emt 0:00:43]} Qe4 {[%emt 0:00:34]} 36. Re1 {[%emt 0:00:51]} Qf5 {[%emt 0:00:22]} 37. Qxe8+ {[%emt 0:01:05]} Rxe8 {[%emt 0:00:04]} 38. Rxe8+ {[%emt 0:00:05]} Kg7 {[%emt 0:00:07]} 39. d5 {[%emt 0:00:54]} Qb1+ {[%emt 0:01:08]} 40. Kh2 {[%emt 0:00:00]} Qb4 {[%emt 0:00:00]} 41. Rc8 {[%emt 0:12:28]} Be7 {[%emt 0:07:20]} 42. Rb6 {[%emt 0:01:34]} Qf4+ {[%emt 0:01:25]} 43. Kh1 {[%emt 0:00:32]} Qc1+ {[%emt 0:13:42]} 44. Ng1 {[%emt 0:00:48]} Bxc5 {[%emt 0:00:51]} 45. Rxb7 {[%emt 0:01:53]} Qa3 {[%emt 0:02:42]} 46. Rcc7 {[%emt 0:02:28]} Kh6 {[%emt 0:02:16]} 47. Rxf7 {[%emt 0:00:25]} Qa1 {[%emt 0:01:06]} 48. Rxh7+ {[%emt 0:01:31]} Kg5 {[%emt 0:00:04]} 49. Rbf7 {[%emt 0:00:06]} Bd6 {[%emt 0:04:17]} 50. g3 {[%emt 0:00:12]} 1-0

[Event "EYCC Open U12 2018"]
[Site "Riga"]
[Date "2018.08.23"]
[Round "4"]
[White "Makoveev, Ilya"]
[Black "Silich, Yahor"]
[Result "1/2-1/2"]
[WhiteElo "2249"]
[BlackElo "2043"]
[Annotator "TA"]
[PlyCount "52"]
[EventDate "2018.08.20"]
[EventType "swiss"]
[EventCountry "LAT"]
[SourceTitle "playchess.com"]
[Source "ChessBase"]
[SourceQuality "1"]

{[%evp 27,52,33,68,42,66,0,0,0,0,0,0,0,9,0,0,-5,0,-35,-10,-22,9,9,9,0,0,0,0]} 1. d4 Nf6 2. c4 d6 3. Nc3 Nbd7 4. Nf3 g6 5. g3 Bg7 6. Bg2 O-O 7. O-O e5 8. e4 exd4 9. Nxd4 Re8 10. h3 Nc5 11. Re1 h6 12. Rb1 a5 13. b3 Bd7 14. Kh2 {E68: Königsindisch (Hauptvariante des g3-Systems mit e2-e4)} Qc8 {LiveBook: 3 Partien} (14... Re5 15. f4 Rh5 16. f5 gxf5 17. exf5 Bxf5 18. Nxf5 Rxf5 19. Qc2 Qd7 20. Bf4 Rh5 21. Nd5 Ng4+ {0-1 (34) Ding,L (2777)-Grischuk,A (2772) Huaian 2017}) 15. a3 Ne6 $146 ({Vorgänger:} 15... Re5 16. f4 Rh5 17. f5 Ng4+ 18. Qxg4 Bxd4 19. Nd5 Qd8 20. Qe2 Be5 21. Rf1 c6 {1-0 (33) Pascua,H (2435)-Dang,H (2309) Ho Chi Minh City 2016}) 16. Be3 (16. Nxe6 $1 $14 Bxe6 17. Bb2) 16... Ng5 $11 17. Bxg5 $1 hxg5 18. Qd2 g4 {[%cal Rg4h3]} 19. h4 Re5 20. Nd5 Bc6 (20... Qd8 {is more complex.} 21. Kg1 Re8 22. a4 Rc8 23. Nb5 b6) 21. Qf4 Bxd5 22. cxd5 Qe8 23. Nc2 {Die Stellung ist ausgeglichen.} Rh5 24. Kg1 $1 Qe7 {[#] Weiss muss nun ...Lh6 beachten.} 25. Qd2 Re5 {[%cal Rf6e4]} 26. Qf4 Kh7 {Precision: Weiß = 28%, Schwarz = 45%.} 1/2-1/2